00763cam a22002171 45000010005000000030008000050050017000130080039000300350018000690400032000870410008001190820022001272450170001492600052003193000029003715040037004006500025004376500027004627000034004897000022005232551BD-RjUL20211208233558.0140409r19641961nyua b 001 0 eng a(BD-RjUL)2578 aDLCcDLCdDLCdBD-RjULbeng aeng00a131.342bADO 196410aAdolescents :b psychoanalytic approach to problems and therapy /cby 19 contributors. Edited by Sandor Lorand and Henry I. Schneer. Foreword by David M. Engelhardt. aNew York :bP. B. Hoeber,c1961 [printing 1964] a378 p. :bill. ;c24 cm. aIncludes bibliography and index. 0aAdolescent analysis. 0aAdolescent psychiatry.1 aSchneer, Henry I.,ejoint ed.1 aLorand, Sándor,